=LDR 00000nam 2200000 4500 =001 NUTBA000000000002091 =005 20140602155429.0 =006 =007 =008 =035 ##$$a 0010-061400000000034 =082 ##$$a 390.095 985 5 =100 ##$$a Depdikbud =245 ##$$a Upacara tradisional daerah Nusa Tenggara Timur =260 ##$$a Jakarta $b Depdikbud $c 1985 =300 ##$$a x,160 hlm $c 23 cm =990 ##$$a 21400613/BPAP-NTB/20142014 =990 ##$$a 21400613/BPAP-NTB/20142014 =990 ##$$a 21400613/BPAP-NTB/20142014